<?xml version="1.0" encoding="UTF-8"?><?xml-stylesheet type="text/xsl" href="static/style.xsl"?><OAI-PMH xmlns="http://www.openarchives.org/OAI/2.0/" xmlns:xsi="http://www.w3.org/2001/XMLSchema-instance" xsi:schemaLocation="http://www.openarchives.org/OAI/2.0/ http://www.openarchives.org/OAI/2.0/OAI-PMH.xsd"><responseDate>2026-04-14T04:25:15Z</responseDate><request verb="GetRecord" identifier="oai:www.recercat.cat:11351/12750" metadataPrefix="marc">https://recercat.cat/oai/request</request><GetRecord><record><header><identifier>oai:recercat.cat:11351/12750</identifier><datestamp>2025-05-04T02:55:38Z</datestamp><setSpec>com_2072_378070</setSpec><setSpec>com_2072_378040</setSpec><setSpec>col_2072_378092</setSpec></header><metadata><record xmlns="http://www.loc.gov/MARC21/slim" xmlns:dcterms="http://purl.org/dc/terms/" xmlns:xsi="http://www.w3.org/2001/XMLSchema-instance" xmlns:doc="http://www.lyncode.com/xoai" xsi:schemaLocation="http://www.loc.gov/MARC21/slim http://www.loc.gov/standards/marcxml/schema/MARC21slim.xsd">
   <leader>00925njm 22002777a 4500</leader>
   <datafield ind2=" " ind1=" " tag="042">
      <subfield code="a">dc</subfield>
   </datafield>
   <datafield ind2=" " ind1=" " tag="720">
      <subfield code="a">Bex, Axel</subfield>
      <subfield code="e">author</subfield>
   </datafield>
   <datafield ind2=" " ind1=" " tag="720">
      <subfield code="a">Russo, Paul</subfield>
      <subfield code="e">author</subfield>
   </datafield>
   <datafield ind2=" " ind1=" " tag="720">
      <subfield code="a">Tomita, Yoshihiko</subfield>
      <subfield code="e">author</subfield>
   </datafield>
   <datafield ind2=" " ind1=" " tag="720">
      <subfield code="a">Cutuli, Hernan Javier</subfield>
      <subfield code="e">author</subfield>
   </datafield>
   <datafield ind2=" " ind1=" " tag="720">
      <subfield code="a">Rojas, Carlos</subfield>
      <subfield code="e">author</subfield>
   </datafield>
   <datafield ind2=" " ind1=" " tag="720">
      <subfield code="a">Motzer, Robert</subfield>
      <subfield code="e">author</subfield>
   </datafield>
   <datafield ind2=" " ind1=" " tag="720">
      <subfield code="a">Suárez, Cristina</subfield>
      <subfield code="e">author</subfield>
   </datafield>
   <datafield ind2=" " ind1=" " tag="260">
      <subfield code="c">2025-03-12T08:17:35Z</subfield>
   </datafield>
   <datafield ind2=" " ind1=" " tag="260">
      <subfield code="c">2025-03-12T08:17:35Z</subfield>
   </datafield>
   <datafield ind2=" " ind1=" " tag="260">
      <subfield code="c">2024</subfield>
   </datafield>
   <datafield ind2=" " ind1=" " tag="260">
      <subfield code="c">2025-01-10</subfield>
   </datafield>
   <datafield ind2=" " ind1=" " tag="520">
      <subfield code="a">Adjuvant nivolumab; Localized renal cell carcinoma; Nephrectomy</subfield>
   </datafield>
   <datafield ind2=" " ind1=" " tag="520">
      <subfield code="a">Nivolumab adjuvant; Carcinoma de cèl·lules renals localitzat; Nefrectomia</subfield>
   </datafield>
   <datafield ind2=" " ind1=" " tag="520">
      <subfield code="a">Nivolumab adyuvante; Carcinoma de células renales localizado; Nefrectomía</subfield>
   </datafield>
   <datafield ind2=" " ind1=" " tag="520">
      <subfield code="a">Purpose: CheckMate 914 is a two-part, randomized phase III trial evaluating adjuvant nivolumab plus ipilimumab (part A) or adjuvant nivolumab monotherapy (part B) versus placebo in mutually exclusive populations of patients with localized renal cell carcinoma (RCC) at high risk of postnephrectomy recurrence. Part A showed no disease-free survival (DFS) benefit for adjuvant nivolumab plus ipilimumab versus placebo. We report results from part B.&#xd;
Methods: Patients were randomly assigned (2:1:1) to nivolumab (240 mg once every 2 weeks for up to 12 doses), placebo, or nivolumab (240 mg once every 2 weeks for up to 12 doses) plus ipilimumab (1 mg/kg once every 6 weeks for up to four doses). The planned treatment duration was 24 weeks (approximately 5.5 months). The primary end point was DFS per blinded independent central review (BICR) for nivolumab versus placebo; safety was a secondary end point.&#xd;
Results: Overall, 825 patients were randomly assigned to nivolumab (n = 411), placebo (n = 208), or nivolumab plus ipilimumab (n = 206). With a median follow-up of 27.0 months (range, 18.0-42.4), the primary end point of improved DFS per BICR with nivolumab versus placebo was not met (hazard ratio [HR], 0.87 [95% CI, 0.62 to 1.21]; P = .40); the median DFS was not reached in either arm, and 18-month DFS rates were 78.4% versus 75.4%. The HR for DFS per investigator was 0.80 (95% CI, 0.58 to 1.12; P = .19). Grade 3-4 all-cause adverse events (AEs) occurred in 17.2%, 15.0%, and 28.9% of patients with nivolumab, placebo, and nivolumab plus ipilimumab, respectively. Any-grade treatment-related AEs led to discontinuation in 9.6%, 1.0%, and 28.4%, respectively.&#xd;
Conclusion: Part B of CheckMate 914 did not meet the primary end point of improved DFS for nivolumab versus placebo in patients with localized RCC at high risk of postnephrectomy recurrence.&#xd;
Trial registration: ClinicalTrials.gov NCT03138512.</subfield>
   </datafield>
   <datafield tag="653" ind2=" " ind1=" ">
      <subfield code="a">Ronyons - Càncer - Tractament</subfield>
   </datafield>
   <datafield tag="653" ind2=" " ind1=" ">
      <subfield code="a">Ronyons - Càncer - Recaiguda</subfield>
   </datafield>
   <datafield tag="653" ind2=" " ind1=" ">
      <subfield code="a">Quimioteràpia combinada</subfield>
   </datafield>
   <datafield tag="653" ind2=" " ind1=" ">
      <subfield code="a">Ronyons - Càncer - Cirurgia</subfield>
   </datafield>
   <datafield tag="653" ind2=" " ind1=" ">
      <subfield code="a">Medicaments antineoplàstics - Ús terapèutic - Efectes secundaris</subfield>
   </datafield>
   <datafield tag="653" ind2=" " ind1=" ">
      <subfield code="a">DISEASES::Neoplasms::Neoplastic Processes::Neoplasm Recurrence, Local</subfield>
   </datafield>
   <datafield tag="653" ind2=" " ind1=" ">
      <subfield code="a">ANALYTICAL, DIAGNOSTIC AND THERAPEUTIC TECHNIQUES, AND EQUIPMENT::Therapeutics::Combined Modality Therapy::Chemotherapy, Adjuvant</subfield>
   </datafield>
   <datafield tag="653" ind2=" " ind1=" ">
      <subfield code="a">ANALYTICAL, DIAGNOSTIC AND THERAPEUTIC TECHNIQUES, AND EQUIPMENT::Surgical Procedures, Operative::Urogenital Surgical Procedures::Urologic Surgical Procedures::Nephrectomy</subfield>
   </datafield>
   <datafield tag="653" ind2=" " ind1=" ">
      <subfield code="a">DISEASES::Neoplasms::Neoplasms by Site::Urogenital Neoplasms::Urologic Neoplasms::Kidney Neoplasms</subfield>
   </datafield>
   <datafield tag="653" ind2=" " ind1=" ">
      <subfield code="a">Other subheadings::Other subheadings::Other subheadings::/drug therapy</subfield>
   </datafield>
   <datafield tag="653" ind2=" " ind1=" ">
      <subfield code="a">DISEASES::Chemically-Induced Disorders::Drug-Related Side Effects and Adverse Reactions</subfield>
   </datafield>
   <datafield tag="653" ind2=" " ind1=" ">
      <subfield code="a">DISEASES::Neoplasms::Neoplasms::Neoplasms by Site::Urogenital Neoplasms::Urologic Neoplasms::Kidney Neoplasms::Carcinoma, Renal Cell</subfield>
   </datafield>
   <datafield tag="653" ind2=" " ind1=" ">
      <subfield code="a">ENFERMEDADES::neoplasias::procesos neoplásicos::recurrencia neoplásica local</subfield>
   </datafield>
   <datafield tag="653" ind2=" " ind1=" ">
      <subfield code="a">TÉCNICAS Y EQUIPOS ANALÍTICOS, DIAGNÓSTICOS Y TERAPÉUTICOS::terapéutica::tratamiento combinado::quimioterapia adyuvante</subfield>
   </datafield>
   <datafield tag="653" ind2=" " ind1=" ">
      <subfield code="a">TÉCNICAS Y EQUIPOS ANALÍTICOS, DIAGNÓSTICOS Y TERAPÉUTICOS::intervenciones quirúrgicas::procedimientos quirúrgicos urogenitales::procedimientos quirúrgicos urológicos::nefrectomía</subfield>
   </datafield>
   <datafield tag="653" ind2=" " ind1=" ">
      <subfield code="a">ENFERMEDADES::neoplasias::neoplasias por localización::neoplasias urogenitales::neoplasias urológicas::neoplasias renales</subfield>
   </datafield>
   <datafield tag="653" ind2=" " ind1=" ">
      <subfield code="a">Otros calificadores::Otros calificadores::Otros calificadores::/farmacoterapia</subfield>
   </datafield>
   <datafield tag="653" ind2=" " ind1=" ">
      <subfield code="a">ENFERMEDADES::trastornos inducidos químicamente::efectos colaterales y reacciones adversas relacionados con medicamentos</subfield>
   </datafield>
   <datafield tag="653" ind2=" " ind1=" ">
      <subfield code="a">ENFERMEDADES::neoplasias::neoplasias::neoplasias por localización::neoplasias urogenitales::neoplasias urológicas::neoplasias renales::carcinoma de células renales</subfield>
   </datafield>
   <datafield ind2="0" ind1="0" tag="245">
      <subfield code="a">Adjuvant Nivolumab for Localized Renal Cell Carcinoma at High Risk of Recurrence After Nephrectomy: Part B of the Randomized, Placebo-Controlled, Phase III CheckMate 914 Trial</subfield>
   </datafield>
</record></metadata></record></GetRecord></OAI-PMH>